[Event "Candidates f Kasparov-Smyslov +4-0=9"]
[Site "Vilnius"]
[Date "1984.03.13"]
[Round "2"]
[White "Smyslov, Vassily V"]
[Black "Kasparov, Garry"]
[Result "1/2-1/2"]
[WhiteElo "2600"]
[BlackElo "2710"]
[Annotator "ChessBase"]
[PlyCount "81"]
[EventDate "1984.03.10"]
[EventType "match"]
[EventRounds "13"]
[EventCountry "URS"]
[SourceTitle "Candidates"]
[Source "ChessBase"]
[SourceDate "1999.07.01"]
[SourceVersion "2"]
[SourceVersionDate "1999.07.01"]
[SourceQuality "1"]

1. d4 {ChessBase ChessBase} d5 2. Nf3 c5 3. c4 e6 4. cxd5 exd5 5. g3 Nf6 6. Bg2 Be7 7. O-O O-O 8. Nc3 Nc6 9. Bg5 cxd4 10. Nxd4 h6 11. Be3 Re8 12. a3 Be6 ({RR} 12... Bg4 13. Qc2 Bf8 14. Rad1 Rc8 15. Nxc6 Rxc6 16. Qd3 Qd7 17. Rfe1 Bf5 18. Qd2 Qc8 19. Nxd5 Nxd5 20. Qxd5 Rc2 21. Rc1 b6 22. Rxc2 Qxc2 23. Qd2 Qc8 24. Rc1 Qe6 25. Qd5 Qg6 26. Qc6 Re6 27. Qc7 {Smirnov,A (1915)-Kudriavtsev,Y (1727) Zelenograd 2022 1-0 (49)}) ({RR} 12... Bg4 13. Qc2 Bf8 14. Rad1 Rc8 15. Nxc6 Rxc6 16. Qd3 Qd7 17. Rfe1 Bf5 18. Qd2 Qc8 19. Nxd5 Nxd5 20. Qxd5 Rc2 21. Rc1 b6 22. Rxc2 Qxc2 23. Qd2 Qc8 24. Rc1 Qe6 25. Qd5 Qg6 26. Qc6 Re6 27. Qc7 {Smirnov,A (1915)-Kudriavtsev,Y (1727) Zelenograd 2022 1-0 (49)}) 13. Kh1 $5 { f4, g1, e4, f5} (13. Qb3 Qd7 14. Nxe6 fxe6 15. Rad1 Bd6 $1 16. Bc1 Kh8 $10 {Kortschnoj-Kasparov(2),London cs/1983/½/31/}) 13... Qd7 $6 ({RR} 13... Bg4 14. f3 ({RR} 14. Qb3) ({RR} 14. h3) ({RR} 14. Qb3) ({RR} 14. h3) 14... Bh5 15. Bg1 Qd7 16. Qa4 ({RR} 16. Nxc6 bxc6 17. e4 Qb7) ({RR} 16. Nxc6 bxc6 17. e4 Qb7) 16... Bc5 17. Rad1 Bb6 18. Rfe1 ({RR} 18. Rd2) ({RR} 18. Rd2) 18... Bg6 19. Qb5 ({RR} 19. Nxc6 bxc6 20. e4 Bxg1 21. Kxg1 Qb7 22. exd5 Rxe1+ 23. Rxe1 Qb6+ 24. Kh1 Nxd5 25. Nxd5 cxd5) ({RR} 19. Nxc6 bxc6 20. e4 Bxg1 21. Kxg1 Qb7 22. exd5 Rxe1+ 23. Rxe1 Qb6+ 24. Kh1 Nxd5 25. Nxd5 cxd5) 19... Rad8 20. e3 ({RR} 20. Na4 Bxd4 21. Bxd4 Bc2 22. Bxf6 Bxd1 23. Bxd8 ({RR} 23. Nc5 Bxe2 24. Rxe2 Qf5 25. Rxe8+ Rxe8 26. Bc3 d4 27. Bd2 b6) ({RR} 23. Nc5 Bxe2 24. Rxe2 Qf5 25. Rxe8+ Rxe8 26. Bc3 d4 27. Bd2 b6) 23... Bxa4 24. Qxa4 Qxd8 25. f4 d4 26. Bxc6 bxc6 27. Qxc6 d3 28. e4 d2 29. Rd1 Re6 30. Qc3 Rd6) ({RR} 20. Na4 Bxd4 21. Bxd4 Bc2 22. Bxf6 Bxd1 23. Bxd8 Bxa4 24. Qxa4 Qxd8 25. f4 d4 26. Bxc6 bxc6 27. Qxc6 d3 28. e4 d2 29. Rd1 Re6 30. Qc3 Rd6) 20... Qd6 21. Nce2 Ne5 22. Qb3 Ba5 23. Nc3 ({RR} 23. Rf1 Nc4) ({RR} 23. Rf1 Nc4) 23... Nd3 ({RR} 23... a6) ({RR} 23... a6) 24. Re2 Nc5 25. Qa2 Bxc3 26. bxc3 ({RR} 26. Nb5 Qa6 27. Nxc3 Na4 ({RR} 27... Bd3 28. Rf2 Bc4 29. Qb1 Rxe3 30. Rfd2) ({RR} 27... Bd3 28. Rf2 Bc4 29. Qb1 Rxe3 30. Rfd2)) ({RR} 26. Nb5 Qa6 27. Nxc3 Na4) 26... Qa6 ({RR} 26... Bd3 27. Red2 Bc4) ({RR} 26... Bd3 27. Red2 Bc4) 27. Red2 Na4 ({RR} 27... Rc8 28. Bh3 Rc7 29. Bf1 Qa5 30. c4 Na4 31. Nb5 Rc5 32. e4 Rxb5 33. cxb5 Nc3) ({RR} 27... Rc8 28. Bh3 Rc7 29. Bf1 Qa5 30. c4 Na4 31. Nb5 Rc5 32. e4 Rxb5 33. cxb5 Nc3) 28. Qb3 {Smyslov,V (2600)-Kasparov,G (2710) Vilnius 1984 Candidates [ChessBase] ½-½} {RR} Rc8 ({RR} 28... Rc8 29. Nb5 ({RR} 29. Bf1 Qa5 30. Qb4 Qxb4 31. cxb4 a6)) 29. Nb5 ({RR} 29. Bf1 Qa5 30. Qb4 Qxb4 31. cxb4 a6)) ({RR} 13... Bg4 14. f3 Bh5 15. Bg1 Qd7 16. Qa4 Bc5 17. Rad1 Bb6 18. Rfe1 Bg6 19. Qb5 Rad8 20. e3 Qd6 21. Nce2 Ne5 22. Qb3 Ba5 23. Nc3 Nd3 24. Re2 Nc5 25. Qa2 Bxc3 26. bxc3 Qa6 27. Red2 Na4 28. Qb3 {Smyslov,V (2600)-Kasparov,G (2710) Vilnius 1984 Candidates [ChessBase] ½-½}) 14. Nxe6 $146 ({RR} 14. f4 Bh3 15. Qd3 Rad8 16. Rad1 Bf8 17. Bg1 Na5 18. Qb5 Bxg2+ 19. Kxg2 Nc4 20. Qb3 Ng4 21. Nc2 Qc6 22. Rf3 Na5 23. Qa2 Rxe2+ 24. Nxe2 Qxc2 25. Re1 Re8 26. Kf1 Rxe2 27. Qxd5 Rxe1+ 28. Kxe1 Qc1+ {Masic,L (2300)-Todorovic,G (2455) Cetinje 1992 0-1}) ({RR} 14. f4 Bh3 15. Qd3 Rad8 16. Rad1 Bf8 17. Bg1 Na5 18. Qb5 Bxg2+ 19. Kxg2 Nc4 20. Qb3 Ng4 21. Nc2 Qc6 22. Rf3 Na5 23. Qa2 Rxe2+ 24. Nxe2 Qxc2 25. Re1 Re8 26. Kf1 Rxe2 27. Qxd5 Rxe1+ 28. Kxe1 Qc1+ {Masic,L (2300)-Todorovic,G (2455) Cetinje 1992 0-1}) 14... fxe6 15. f4 Red8 $1 (15... d4 $2 16. Ne4 $1) (15... Rad8 $2 {× e8}) 16. Bg1 Rac8 17. Qa4 Kh8 18. Rad1 Qe8 19. e4 d4 $1 20. Ne2 (20. Bxd4 $2 b5 $1 $19) (20. e5 dxc3 21. exf6 Bxf6 22. bxc3 Qe7 $1 $132 {× }) 20... Bc5 21. Qb5 (21. b4 $2 d3 $1 22. Nc1 Bxg1 23. Kxg1 d2 24. Nb3 Ng4 $1 25. Rxd2 (25. b5 Qh5 26. h3 Ne3) 25... Rxd2 26. Nxd2 Qd8 $1) 21... Bb6 22. h3 $1 { 23.e5} (22. e5 Ng4 23. Bf3 Ne3 24. Bxe3 dxe3 25. Rd6 Rxd6 26. exd6 Rd8 27. Rd1 e5 $1 28. Bxc6 bxc6 29. Qxe5 Qg6 $132) 22... e5 $1 23. fxe5 $2 (23. Bh2 $1 { 24.g4}) 23... Nxe5 24. Qxe8+ (24. Nxd4 Qxb5 25. Nxb5 Rxd1 26. Rxd1 Rc2 $44 27. Bxb6 axb6 28. b4 Nh5) 24... Rxe8 25. Nxd4 Nc4 26. e5 $1 Rxe5 27. Bxb7 (27. Rc1 Ne4 $1 28. Kh2 Ned2 29. Rfd1 Rd8) 27... Rc7 28. Rc1 $1 Nxb2 $1 (28... Rxb7 $2 29. Rxc4 Re4 30. Rfc1 $16) 29. Rxc7 Bxc7 30. Nc6 Re2 $1 (30... Rb5 $2 31. Bc8 $1 Ne4 32. Rf8+ Kh7 33. Kg2 $1 $16 Nxg3 $2 34. Bh2 Rg5 35. h4) 31. Nd4 (31. Nxa7 Nh5 $1) (31. Rf2 Ne4 $1) 31... Re5 32. Nf5 $1 Bb6 $1 33. Nxh6 Ra5 $1 34. Bxb6 (34. Bh2 Nd3 $1 (34... Rxa3 $2 35. Nf7+ Kg8 36. Ne5 $1) 35. Nf5 Rxa3 $10) 34... axb6 35. Nf5 Rxa3 36. Kh2 Nc4 37. g4 Ra7 $1 (37... Ne3 38. Nxe3 Rxe3 39. g5 Nh7 40. h4 {/}) 38. Bh1 (38. Bg2 Ra2 $1) 38... Ne5 39. g5 $6 (39. Re1 {} Ra5 40. Re2 $14) 39... Nh5 40. Re1 Ra5 41. Nd6 $1 {Abgabezug} (41. Ne7 $6 Nd3 $1 42. Rd1 Ra2+ 43. Kg1 Ndf4 (43... Nhf4 44. Ng6+) 44. Rd8+ Kh7 45. Be4+ g6 46. Bxg6+ $1 Nxg6 47. Nxg6 Kxg6 48. Rd6+ Kxg5 49. Rxb6 $10) (41. Nd6 $1 Kh7 42. Nb7 Rb5 43. Nd6) 1/2-1/2

[Event "Niksic International"]
[Site "Niksic"]
[Date "1983.08.24"]
[Round "1"]
[White "Seirawan, Yasser"]
[Black "Kasparov, Garry"]
[Result "0-1"]
[WhiteElo "2600"]
[BlackElo "2690"]
[Annotator "ChessBase II"]
[PlyCount "108"]
[EventDate "1983.08.24"]
[EventType "tourn"]
[EventRounds "15"]
[EventCountry "YUG"]
[EventCategory "14"]
[SourceTitle "Kasparov"]
[Source "ChessBase"]
[SourceDate "1999.07.01"]
[SourceVersion "1"]
[SourceVersionDate "2005.01.01"]
[SourceQuality "1"]

1. d4 d5 2. c4 e6 3. Nc3 c5 4. cxd5 exd5 5. Nf3 Nc6 6. g3 Nf6 7. Bg2 Be7 8. O-O O-O 9. Bg5 cxd4 10. Nxd4 h6 11. Bxf6 Bxf6 12. Nb3 d4 13. Ne4 Be7 14. Rc1 Qb6 15. Nec5 Rd8 16. Rc4 Bxc5 17. Nxc5 Qxb2 18. Qc2 Qxc2 19. Rxc2 Rb8 20. Rb2 $146 ({RR} 20. Nxb7 Bxb7 21. Bxc6 Bxc6 22. Rxc6 Rb2 23. Ra6 Rxe2 24. Rxa7 d3 25. Rd1 d2 26. Kf1 Rde8 27. Kg2 {½-½ (27) Knezevic,M (2425)-Drasko,M (2460) Budva 1986}) ({RR} 20. Nxb7 Bxb7 21. Bxc6 Bxc6 22. Rxc6 Rb2 23. Ra6 Rxe2 24. Rxa7 d3 25. Rd1 d2 26. Kf1 Rde8 27. Kg2 {½-½ (27) Knezevic,M (2425)-Drasko,M (2460) Budva 1986}) 20... Rd6 21. Rd1 b6 22. Nb3 Bb7 23. Rbd2 Rbd8 24. Kf1 Ba6 25. Bxc6 Rxc6 26. Nxd4 Rc5 27. Nb3 Rxd2 28. Rxd2 Rc7 29. Rd8+ Kh7 30. Ke1 Bc4 31. Kd2 g6 $1 32. Nc1 Kg7 33. a3 Kf6 34. e3 $6 Ke7 35. Rd4 Rd7 36. Kc3 Rxd4 37. Kxd4 b5 38. Nd3 Bxd3 39. Kxd3 Kd6 40. e4 $4 g5 $1 41. f4 gxf4 42. gxf4 Kc5 43. Kc3 a5 44. Kd3 h5 45. h4 $1 b4 46. a4 f6 47. f5 $1 Kc6 $1 48. Kc4 Kc7 $1 49. Kd3 Kd7 $1 50. Ke3 Kc6 51. Kd3 Kc5 52. Ke3 b3 53. Kd3 Kb4 54. e5 Ka3 $1 0-1

[Event "Comet Open Titled Winners"]
[Site "chess.com INT"]
[Date "2025.10.18"]
[Round "1.3"]
[White "Bluebaum, M."]
[Black "Naroditsky, D."]
[Result "0-1"]
[WhiteElo "2687"]
[BlackElo "2619"]
[PlyCount "128"]
[EventDate "2025.10.18"]
[EventType "k.o."]

1. d4 d5 2. c4 e6 3. Nc3 c5 4. dxc5 d4 5. Na4 Nc6 ({RR} 5... Bd7 6. b4 Bxa4 7. Qxa4+ Nd7 8. e3 a5 9. exd4 axb4 10. Qxb4 b6 11. Qd2 bxc5 12. d5 exd5 13. cxd5 Bd6 14. Nf3 Ngf6 15. Bb5 O-O 16. O-O Ne5 17. Be2 Qc7 18. h3 Rad8 19. Bb2 Rfe8 20. Rfd1 {Sarana,A (2688)-Narayanan,S (2677) Samarkand UZB 2023 1-0 (43)}) ({RR} 5... Bxc5 6. Nxc5 Qa5+ 7. Bd2 Qxc5 8. e3 Nc6 9. Nf3 e5 10. exd4 exd4 11. Bd3 Nge7 12. O-O O-O 13. Re1 Bg4 14. h3 Bxf3 15. Qxf3 Ng6 16. Qd5 Qb6 17. Rab1 Rad8 18. Qh5 Rfe8 19. b4 Nce5 20. c5 {Bluebaum,M (2660)-Dragnev,V (2547) chess.com INT 2025 ½-½ (68)}) 6. e3 e5 7. exd4 $146 ({RR} 7. a3 Bf5 8. b4 d3 9. Nb2 e4 10. f3 Ne5 11. h4 Be7 12. g3 Qc7 13. fxe4 Bxe4 14. Rh2 Nf6 15. Nxd3 Nxd3+ 16. Bxd3 Qxg3+ {0-1 (16) Lebhertz,C (1760)-Leclair,M (2032) Konigshoffen 2001}) ({RR} 7. Nf3 Nf6 8. exd4 e4 9. d5 exf3 10. dxc6 Qxd1+ 11. Kxd1 Bg4 12. Kc2 bxc6 13. gxf3 Bxf3 14. Rg1 O-O-O 15. Bf4 Ne4 16. Re1 g6 17. Bh3+ Kb7 18. Re3 Rd2+ 19. Kc1 Rxf2 20. Rb3+ Ka6 21. Be3 Re2 {Xiong,J (2688)-Tari,A (2663) Chess.com INT 2022 0-1 (47)}) ({RR} 7. Nf3 Nf6 8. exd4 exd4 9. Be2 Bf5 10. O-O d3 11. Qb3 dxe2 12. Re1 Qc7 13. Rxe2+ Be7 14. Nc3 O-O 15. Nd5 Nxd5 16. cxd5 Na5 17. Qc3 Qxc5 18. Bd2 Qxc3 19. Bxc3 Bd8 20. Bb4 Nc4 21. Bxf8 Kxf8 {Sarana,A (2669)-Olsen,F (2416) chess.com INT 2023 0-1 (99)}) ({RR} 7. Nf3 Bf5 8. a3 dxe3 9. Qxd8+ Rxd8 10. Bxe3 Nd4 11. Bxd4 exd4 12. b4 g5 13. O-O-O g4 14. Ne5 Bh6+ 15. Kb2 Bg7 16. Bd3 Be6 17. Rhe1 Ne7 18. Rd2 h5 19. Rde2 Bf6 20. Kb3 Kf8 21. Nb2 h4 {Jurcik,M (2412)-Lipka,J (2366) Slovakia SVK 2026 1-0 (41)}) ({RR} 7. Nf3 Bf5 8. a3 dxe3 9. Qxd8+ Rxd8 10. Bxe3 Nd4 11. Bxd4 exd4 12. b4 g5 13. O-O-O g4 14. Ne5 Bh6+ 15. Kb2 Bg7 16. Bd3 Be6 17. Rhe1 Ne7 18. Rd2 h5 19. Rde2 Bf6 20. Kb3 Kf8 21. Nb2 h4 {Jurcik,M (2412)-Lipka,J (2366) Slovakia SVK 2026 1-0 (41)}) 7... exd4 8. Bd3 Nf6 9. Nf3 Be7 $146 ({RR} 9... Bxc5 10. Nxc5 Qa5+ 11. Qd2 Qxc5 12. O-O O-O 13. h3 Re8 14. a3 Qh5 15. Qf4 Bd7 16. b4 Ne5 17. Nxe5 Qxe5 18. Qxe5 Rxe5 19. Bb2 Rg5 20. Kh2 Rd8 21. Rad1 Bc6 22. f3 Ba4 23. Rde1 Nh5 24. Bc1 {Erigaisi,A (2775)-Mamedov,R (2645) Doha QAT 2025 1-0}) ({RR} 9... Bxc5 10. Nxc5 Qa5+ 11. Qd2 Qxc5 12. O-O O-O 13. h3 Re8 14. a3 Qh5 15. Qf4 Bd7 16. b4 Ne5 17. Nxe5 Qxe5 18. Qxe5 Rxe5 19. Bb2 Rg5 20. Kh2 Rd8 21. Rad1 Bc6 22. f3 Ba4 23. Rde1 Nh5 24. Bc1 {Erigaisi,A (2775)-Mamedov,R (2645) Doha QAT 2025 1-0}) 10. O-O Bg4 11. h3 Bh5 12. Re1 O-O 13. a3 Nd7 14. g4 Bg6 15. b4 f5 16. b5 fxg4 17. hxg4 Rxf3 18. Bxg6 Nce5 19. Be4 Qf8 20. Ra2 Kh8 21. c6 bxc6 22. bxc6 Nc5 23. Nxc5 Bxc5 24. Kg2 Rc3 25. Rc2 d3 26. Rxc3 Qxf2+ 27. Kh3 Rf8 28. Rf1 Qd4 29. Rxf8+ Bxf8 30. Rxd3 Qxe4 31. Rd4 Qxc6 32. Bf4 Ng6 33. Bg3 h6 34. Qd3 Qh1+ 35. Bh2 Bd6 36. Qe2 Nf4+ 37. Rxf4 Bxf4 38. Qe8+ Kh7 39. Qe2 Bxh2 40. Qxh2 Qf3+ 41. Qg3 Qf1+ 42. Kh2 Qxc4 43. Qf3 Qc2+ 44. Kh3 a5 45. a4 Qg6 46. Kg3 Qg5 47. Qe4+ Qg6 48. Qe5 Qd3+ 49. Kh2 Qc2+ 50. Kg3 Qb3+ 51. Kh2 Qa2+ 52. Kg3 Qf7 53. Qxa5 Qb3+ 54. Kh2 Qc2+ 55. Kg3 Qd3+ 56. Kh2 Qe2+ 57. Kg3 Qe3+ 58. Kg2 Qe4+ 59. Kg3 Qd3+ 60. Kg2 g6 61. Qc7+ Kg8 62. Qg3 Qe4+ 63. Kh3 Qh1+ 64. Qh2 Qf3+ 0-1

[Event "Tata Steel-B 80th"]
[Site "Wijk aan Zee"]
[Date "2018.01.24"]
[Round "10"]
[White "Korobov, Anton"]
[Black "L'Ami, Erwin"]
[Result "1/2-1/2"]
[WhiteElo "2652"]
[BlackElo "2634"]
[Annotator "ChessBase II"]
[PlyCount "43"]
[EventDate "2018.01.13"]
[EventType "tourn"]
[EventRounds "13"]
[EventCountry "NED"]
[EventCategory "15"]
[SourceTitle "CBM 183"]
[Source "ChessBase"]
[SourceDate "2018.03.14"]
[SourceVersion "1"]
[SourceVersionDate "2018.03.14"]
[SourceQuality "1"]
[TimeControl "40/6000+30:20/3000+30:900+30"]

1. Nf3 {[%emt 0:00:00]} d5 {[%emt 0:00:24]} 2. c4 {[%emt 0:00:00]} e6 {[%emt 0:00:32]} 3. g3 {[%emt 0:00:56]} c5 {[%emt 0:01:18]} 4. cxd5 {[%emt 0:00:29]} exd5 {[%emt 0:00:08]} 5. Bg2 {[%emt 0:00:06]} Nc6 {[%emt 0:00:36]} 6. d4 {[%emt 0:00:07]} Nf6 {[%emt 0:00:38]} 7. O-O {[%emt 0:00:12]} Be7 {[%emt 0:00:29]} 8. Nc3 {[%emt 0:00:35]} O-O {[%emt 0:00:32]} 9. dxc5 {[%emt 0:00:02]} Bxc5 {[%emt 0:00:12]} 10. a3 {[%emt 0:00:04]} Ne4 {[%emt 0:00:14]} (10... Re8 11. b4 Bb6 12. Bb2 Bg4 13. Rc1 h6 14. Na4 Qe7 15. Nxb6 axb6 16. Re1 Rad8 17. Qd3 Bxf3 18. Qxf3 Ne5 19. Qf4 Nc4 20. Bxf6 Qxf6 21. Qxf6 gxf6 22. Bxd5 Nxa3 23. Bxb7 Rd2 24. Rc6 Kg7 25. e3 Red8 26. Rec1 Rb2 27. R6c3 Ra2 28. Be4 Rdd2 29. Rd3 Rxd3 30. Bxd3 Rb2 31. Rc3 Nb1 32. Rc4 Na3 33. Rg4+ Kf8 34. Rd4 Kg7 35. Kg2 Rb3 36. h4 Rb2 37. h5 Rd2 38. Kf1 Rb2 39. Ke1 Nb1 40. Rd7 {Bacrot,E (2692)-Berelowitsch,A (2521) Germany 2016 1-0}) 11. Qxd5 {[%emt 0:05:42]} Nxc3 {[%emt 0:01:36]} 12. Qxc5 {[%emt 0:00:03]} Nxe2+ {[%emt 0:00:14]} 13. Kh1 {[%emt 0:00:03]} Nxc1 {[%emt 0:00:28]} 14. Raxc1 {[%emt 0:00:44]} Qf6 {[%emt 0:03:09]} 15. b4 {[%emt 0:04:12]} Bg4 {[%emt 0:19:57]} 16. Qc3 {[%emt 0:03:42]} Qxc3 {[%emt 0:04:21]} 17. Rxc3 {[%emt 0:00:10]} Rad8 $146 {[%emt 0:01:58]} (17... Rfd8 18. h3 Bd7 19. Rfc1 h6 20. Kh2 Be6 21. b5 Na5 22. g4 Rd5 23. Bf1 g6 24. Kg3 Kg7 25. Be2 Rad8 26. Re3 Rc8 27. Rxc8 Bxc8 28. Rc3 Bd7 29. Rd3 Rxd3 30. Bxd3 {½-½ (30) Rydholm,L (2523)-Kerr,S (2481) ICCF email 2014}) ({RR} 17... Rfd8 18. Rfc1 h6 19. b5 Na5 20. Ne5 Be6 21. Rc7 Rd2 22. Kg1 Rad8 23. Bf3 Ra2 24. Re7 Nb3 25. Re1 Nd4 26. Bxb7 Kf8 27. Rc7 Nxb5 28. Rc5 Nd6 29. Bd5 Rxa3 30. Bxe6 fxe6 31. Rc7 Nb5 32. Rb7 {Latorre Lopez Moreira,L (2277)-Mastrovasilis,A (2526) Tromsoe 2014 ½-½ (46)}) ({RR} 17... Rfd8 18. Rfc1 h6 19. b5 Na5 20. Ne5 Be6 21. Rc7 Rd2 22. Kg1 Rad8 23. Bf3 Ra2 24. Re7 Nb3 25. Re1 Nd4 26. Bxb7 Kf8 27. Rc7 Nxb5 28. Rc5 Nd6 29. Bd5 Rxa3 30. Bxe6 fxe6 31. Rc7 Nb5 32. Rb7 {Latorre Lopez Moreira,L (2277)-Mastrovasilis,A (2526) Tromsoe 2014 ½-½ (46)}) 18. Re1 {[%emt 0:04:32]} Rd7 {[%emt 0:07:15]} 19. b5 {[%emt 0:06:30]} Bxf3 {[%emt 0:01:25]} 20. Bxf3 {[%emt 0:00:12]} Nd4 {[%emt 0:01:48]} 21. Rd1 {[%emt 0:01:28]} b6 {[%emt 0:02:16]} 22. a4 {[%emt 0:00:48]} 1/2-1/2

[Event "40th ECC Open 2025"]
[Site "Rhodes GRE"]
[Date "2025.10.22"]
[Round "4.37"]
[White "Giri, A."]
[Black "Fedoseev, Vl3"]
[Result "1/2-1/2"]
[WhiteElo "2759"]
[BlackElo "2720"]
[PlyCount "84"]
[EventDate "2025.10.19"]
[EventType "team"]
[WhiteTeam "BayeganPendik chess sports"]
[BlackTeam "Tuxera Aquaprofit Nagykanizsai Sakk Klub"]

1. c4 e6 2. Nc3 d5 3. d4 c5 4. cxd5 exd5 5. Nf3 cxd4 6. Nxd4 Nf6 7. Bg5 Be7 8. e3 O-O 9. Bb5 ({RR} 9. Be2 h6 10. Bh4 Nc6 11. O-O Be6 12. Rc1 Rc8 13. Bxf6 Bxf6 14. Nxe6 fxe6 15. Bg4 Qd6 16. Ne4 Qe7 17. Nc5 Nd8 18. b4 Bb2 19. Rc2 Ba3 20. Qd2 b6 21. Nd3 Rxc2 22. Qxc2 Bxb4 23. Nf4 Qd6 {Durarbayli,V (2638)-Bharath,S (2479) Chess.com INT 2022 0-1 (75)}) ({RR} 9. Be2 Nc6 10. O-O h6 11. Bh4 Nxd4 12. Qxd4 Be6 13. Rfd1 Qb6 14. Qxb6 axb6 15. Bf3 g5 16. Bg3 g4 17. Bxd5 Nxd5 18. Nxd5 Bxd5 19. Rxd5 Rfd8 20. Rxd8+ Rxd8 21. Be5 Rd5 22. Bc3 b5 23. a3 f5 {Falkevall,A (2346)-Wahlstrom,L (2021) Stockholm SWE 2025 ½-½ (48)}) ({RR} 9. Be2 h6 10. Bh4 Nc6 11. O-O Be6 12. Rc1 Rc8 13. Bxf6 Bxf6 14. Nxe6 fxe6 15. Bg4 Qd6 16. Ne4 Qe7 17. Nc5 Nd8 18. b4 Bb2 19. Rc2 Ba3 20. Qd2 b6 21. Nd3 Rxc2 22. Qxc2 Bxb4 23. Nf4 Qd6 {Durarbayli,V (2638)-Bharath,S (2479) Chess.com INT 2022 0-1 (75)}) ({RR} 9. Rc1 Nc6 10. Bb5 Ne5 11. O-O h6 12. Bf4 Bd6 13. Be2 a6 14. Qb3 Nc6 15. Rfd1 Na5 16. Qc2 Bxf4 17. exf4 Qd6 18. g3 Rd8 19. Bf3 Nc6 20. a3 Bg4 21. Bxg4 Nxg4 22. Qe2 Nf6 23. Qf3 Rd7 {Fernandez,M (2198)-Do Amaral,G (1979) Florianopolis BRA 2026 1-0 (37)}) ({RR} 9. Be2 h6 10. Bh4 Nc6 11. O-O Be6 12. Rc1 Rc8 13. Bxf6 Bxf6 14. Nxe6 fxe6 15. Bg4 Qd6 16. Ne4 Qe7 17. Nc5 Nd8 18. b4 Bb2 19. Rc2 Ba3 20. Qd2 b6 21. Nd3 Rxc2 22. Qxc2 Bxb4 23. Nf4 Qd6 {Durarbayli,V (2638)-Bharath,S (2479) Chess.com INT 2022 0-1 (75)}) ({RR} 9. Rc1 Nc6 10. Bb5 Ne5 11. O-O h6 12. Bf4 Bd6 13. Be2 a6 14. Qb3 Nc6 15. Rfd1 Na5 16. Qc2 Bxf4 17. exf4 Qd6 18. g3 Rd8 19. Bf3 Nc6 20. a3 Bg4 21. Bxg4 Nxg4 22. Qe2 Nf6 23. Qf3 Rd7 {Fernandez,M (2198)-Do Amaral,G (1979) Florianopolis BRA 2026 1-0 (37)}) 9... Bd7 10. Qa4 $146 ({RR} 10. O-O Bc6 11. Nf5 a6 12. Bxc6 bxc6 13. e4 dxe4 14. Nxe4 Re8 15. Nxe7+ Qxe7 16. Re1 Rd8 17. Nxf6+ {1-0 (17) Georgiev,K (2637)-Jovicic,J Kragujevac 2013}) ({RR} 10. O-O Bc6 11. Nf5 a6 12. Bxc6 bxc6 13. e4 dxe4 14. Nxe4 Re8 15. Nxe7+ Qxe7 16. Re1 Rd8 17. Nxf6+ {1-0 (17) Georgiev,K (2637)-Jovicic,J Kragujevac 2013}) ({RR} 10. O-O Bc6 11. Nf5 a6 12. Bxc6 bxc6 13. e4 dxe4 14. Nxe4 Re8 15. Nxe7+ Qxe7 16. Re1 Rd8 17. Nxf6+ {1-0 (17) Georgiev,K (2637)-Jovicic,J Kragujevac 2013}) 10... Na6 11. Bxd7 Nc5 12. Qc2 Qxd7 13. Nf5 Rac8 14. Rd1 Nce4 15. Bxf6 Nxf6 16. Nxe7+ Qxe7 17. O-O Qe5 18. Qe2 Rc5 19. Rd4 Ne4 20. Nxe4 dxe4 21. Rfd1 g6 22. b4 Rc7 23. a4 b6 24. g3 Re8 25. Kg2 Kg7 26. a5 bxa5 27. Rd5 Qf6 28. Rxa5 Re6 29. Rd4 a6 30. Rc5 Rb7 31. h4 h5 32. Rc8 Rb5 33. Rc5 Rbb6 34. Rcc4 Qf5 35. Rc5 Re5 36. Rxe5 Qxe5 37. Qc2 Re6 38. Kg1 Qf5 39. Qb2 Qf6 40. Qc2 Qf5 41. Qb2 Qf6 42. Qc2 Qf5 1/2-1/2

[Event "45th Olympiad 2024"]
[Site "Budapest HUN"]
[Date "2024.09.18"]
[Round "7.5"]
[White "Indjic, Aleksandar"]
[Black "Warmerdam, Max"]
[Result "1-0"]
[WhiteElo "2611"]
[BlackElo "2679"]
[PlyCount "63"]
[EventDate "2024.09.11"]
[WhiteTeam "Serbia"]
[BlackTeam "Netherlands"]
[WhiteTeamCountry "SRB"]
[BlackTeamCountry "NED"]

1. d4 d5 2. c4 e6 3. Nc3 c5 4. e3 Nf6 5. Nf3 a6 6. a3 dxc4 7. Bxc4 b5 8. Ba2 Bb7 9. O-O Nbd7 10. Qe2 Bd6 11. Rd1 Qb8 12. h3 O-O 13. dxc5 Nxc5 14. b4 Ncd7 15. Bb2 Ne5 ({RR} 15... Rc8 16. Rac1 Ne5 17. Nxe5 Bxe5 18. Bb1 Bc6 19. Rd2 Ra7 20. f4 Bc7 21. Rcd1 Bb6 22. Kh1 Rac7 23. e4 Bb7 24. Rd3 Rc4 25. Rg3 Qxf4 26. Rf3 Qh4 27. Qe1 Qxe1+ 28. Rxe1 Bd4 29. Nd1 Bxb2 30. Nxb2 {0-1 Melkumyan,H (2670)-Yilmaz,M (2636) Wch Blitz St Petersburg 2018 (1)}) 16. Nxe5 Bxe5 17. Rd3 $146 ({RR} 17. Rac1 Rc8 18. Nb1 Rxc1 19. Rxc1 h6 20. Nc3 Bc6 21. Nd1 Bxb2 22. Nxb2 Qb7 23. f3 Qb6 24. Nd3 a5 25. Nc5 axb4 26. axb4 Bd5 27. Bb1 Bc4 28. Qc2 Rd8 29. Rd1 Kf8 30. Kf2 Ke7 31. Rxd8 Qxd8 {0-1 Volke,K (2367)-Zeller,F (2378) Oberliga Wuerttemberg 0809 2008 (6.1)}) ({RR} 17. Rac1 Rd8 18. Bb3 {½-½ Grivas,E (2495)-Nikolaidis,I (2540) Corfu 1995 (3)}) ({RR} 17. Rac1 Rc8 18. Bb1 Bc6 19. f4 Bd6 20. g4 h6 21. g5 hxg5 22. fxg5 Bxb4 23. axb4 Qg3+ 24. Kf1 Bf3 25. gxf6 Bxe2+ 26. Nxe2 Rxc1 27. Rxc1 Qxe3 28. fxg7 Rd8 29. Bc3 e5 30. Ke1 Qf3 31. Bxe5 Re8 {0-1 Vavrak,P (2487)-Erdos,V (2581) Mitropa Cup 28th 2009 (9)}) ({RR} 17. Rac1 Rc8 18. Nb1 Rxc1 19. Rxc1 h6 20. Nc3 Bc6 21. Nd1 Bxb2 22. Nxb2 Qb7 23. f3 Qb6 24. Nd3 a5 25. Nc5 axb4 26. axb4 Bd5 27. Bb1 Bc4 28. Qc2 Rd8 29. Rd1 Kf8 30. Kf2 Ke7 31. Rxd8 Qxd8 {Volke,K (2367)-Zeller,F (2378) Wuerttemberg 2009 0-1 (38)}) ({RR} 17. Rac1 Rc8 18. Nb1 Rxc1 19. Rxc1 h6 20. Nc3 Bc6 21. Nd1 Bxb2 22. Nxb2 Qb7 23. f3 Qb6 24. Nd3 a5 25. Nc5 axb4 26. axb4 Bd5 27. Bb1 Bc4 28. Qc2 Rd8 29. Rd1 Kf8 30. Kf2 Ke7 31. Rxd8 Qxd8 {Volke,K (2367)-Zeller,F (2378) Wuerttemberg 2009 0-1 (38)}) 17... Bc6 18. Rad1 a5 19. Bb1 axb4 20. axb4 Rc8 21. f4 Bc7 22. g4 Bb6 23. g5 Ne4 24. Qg4 Qa7 25. Nxe4 Bxe4 26. Rd7 Bxe3+ 27. Kf1 Qxd7 28. Rxd7 Bxb1 29. Qf3 Ra2 30. Qd1 Raa8 31. Qxb1 Bxf4 32. h4 1-0